000 00909cam a2200253 4500
001 1722704
003 OSt
005 20230620091151.0
008 720824s1966 ke 100 0 eng
010 _a 72983129
040 _aDLC
_cDLC
_dDLC
043 _afe-----
082 _a310.6
_bEAi
245 0 0 _aRacial and communal tensions in East Africa.
260 _aNairobi
_b[East African Pub. House,
_c1966]
300 _a133 p.
_c23 cm.
440 0 _aContemporary African monographs series,
_vno. 3
500 _a"[Papers of] a seminar ... organized during November 26th to 30th, 1964 by the East African Institute of Social and Cultural Affairs."
650 0 _aMinorities
_zAfrica, East
_xCongresses.
651 0 _aAfrica, East
_xRace relations
_xCongresses.
710 2 _aEast African Institute of Social and Cultural Affairs.
906 _a7
_bcbc
_corignew
_d4
_encip
_f19
_gy-gencatlg
942 _2ddc
_cBK
999 _c1499
_d1499